00782nam a2200289Ia 4500001000700000003000500007008004100012010001100053040000900064082001500073100002800088245007800116260005200194300002100246440000500267500000500272503000500277650002500282650002500307901001500332902000600347910000900353942000600362942000700368999001900375952009800394Z_4364CHAP220113s1974 xx 000 0 und d a167434 cCHAP a574.12 C65 aComroe, Julius H926146 aPhysiology of respiration : an introductory text /cpor Julius H Comroe aChicago :bYear Book Medical Publishers,c1974 a316 p. : bilus. a a a aFisiología 941127 aRespiración996165 a574.12 C65 aA a1974 c1 cc1 c167434d167434 00102ddc40708GRALaZbZc3d2005-11-09pz_0328r2022-01-18 00:00:00t1w2022-01-18yLIBRO